000 01408nam a22002057a 4500
005 20260126104116.0
006 a|||||r|||||||||||
008 s2014 |||||||g |||| 00| 0 eng d
020 _a9780141981772
040 _aGR-AtMCL
_beng
_dGR-AtMCL
100 _aRankine, Claudia
_910285
245 1 0 _aCitizen :
_ban American lyric /
_cClaudia Rankine.
264 1 _aMinneapolis, Minnesota :
_bGraywolf Press,
_c2014
300 _a169 p. :
_bill. ;
_c20 cm
504 _aIncludes bibliographical references
520 _aClaudia Rankine's bold new book recounts mounting racial aggressions in ongoing encounters in twenty-first-century daily life and in the media. Some of these encounters are slights, seeming slips of the tongue, and some are intentional offensives in the classroom, at the supermarket, at home, on the tennis court with Serena Williams and the soccer field with Zinedine Zidane, online, on TV--everywhere, all the time. The accumulative stresses come to bear on a person's ability to speak, perform, and stay alive. Our addressability is tied to the state of our belonging, Rankine argues, as are our assumptions and expectations of citizenship. In essay, image, and poetry, Citizen is a powerful testament to the individual and collective effects of racism in our contemporary, often named 'post-race' society.
653 _aΛογοτεχνία
942 _cBK
999 _c10077
_d10077